Foundations of language development: a multidisciplinary approach
保存先:
| 主要な著者: | , |
|---|---|
| フォーマット: | 図書 |
| 言語: | 英語 |
| 出版事項: |
Nueva York
Academic Press
1975
|
| 主題: | |
| タグ: |
タグ追加
タグなし, このレコードへの初めてのタグを付けませんか!
|
MARC
| LEADER | 00000nam a2200000 a 4500 | ||
|---|---|---|---|
| 001 | UCW8095 | ||
| 003 | CL-VaPUC | ||
| 008 | 880509e19750000US |||||||||||||||||eng|d | ||
| 082 | 0 | 4 | |a 401.9 |b LEN |2 21 |
| 100 | |a Lenneberg, Eric H |e author |9 523057 | ||
| 700 | 0 | |a Lenneberg, Elizabeth |e author |9 313204 | |
| 245 | 1 | 0 | |a Foundations of language development: a multidisciplinary approach |
| 300 | |a 2 v | ||
| 942 | |c BK | ||
| 945 | |d 19880509 00:00:00 | ||
| 260 | |a Nueva York |b Academic Press |c 1975 | ||
| 650 | 0 | |a Afasia |9 310673 | |
| 650 | 7 | |a LENGUAJE DE LOS NIÑOS |2 CL-VaPUC |9 307440 | |
| 650 | 7 | |a TRASTORNOS DEL HABLA EN NIÑOS |2 CL-VaPUC |9 308809 | |
| 650 | 7 | |a TRASTORNOS DE LA PRONUNCIACION |2 CL-VaPUC |9 312920 | |
| 650 | 0 | |a Psicolingüística |9 283371 | |
| 583 | |a last modification |c 19880509 00:00:00 |k Rodrigo Vera | ||
| 999 | |c 220574 |d 220572 | ||
| 952 | |0 0 |1 0 |4 0 |6 401_900000000000000_LEN_1975 |7 0 |8 A |9 213002 |a FDOPOS |b FDOPOS |d 2019-11-15 |h v.2 |i 2813068 |o 401.9 LEN 1975 |p 2813068 |r 2025-01-22 |w 2019-11-15 |y BK |k MLA | ||